[Event "Grand Swiss "]
[Date "2025.09.14"]
[White "Narayanan S L"]
[Black "Cheparinov, Ivan"]
[WhiteElo "2591"]
[BlackElo "2627"]
[Round "9.9.36"]
[Result "1/2-1/2"]

1. c4 {[%clk 01:40:50] [%emt 00:00:08]} e5 {[%clk 01:40:54] [%emt 00:00:07]} 2.
Nc3 {[%clk 01:41:11] [%emt 00:00:09]} Bb4 {[%clk 01:41:19] [%emt 00:00:05]} 3.
Nd5 {[%clk 01:41:33] [%emt 00:00:07]} a5 {[%clk 01:41:43] [%emt 00:00:07]} 4. e3
{[%clk 01:41:22] [%emt 00:00:40]} Ne7 {[%clk 01:41:37] [%emt 00:00:36]} 5. Nf3
{[%clk 01:39:23] [%emt 00:02:30]} Nxd5 {[%clk 01:40:31] [%emt 00:01:36]} 6. cxd5
{[%clk 01:39:46] [%emt 00:00:06]} Qe7 {[%clk 01:40:53] [%emt 00:00:08]} 7. Bc4
{[%clk 01:28:38] [%emt 00:11:38]} b5 {[%clk 01:40:59] [%emt 00:00:25]} 8. Bxb5
{[%clk 01:28:38] [%emt 00:00:29]} Qc5 {[%clk 01:41:24] [%emt 00:00:05]} 9. Be2
{[%clk 01:25:11] [%emt 00:03:57]} Qxd5 {[%clk 01:40:53] [%emt 00:01:02]} 10. O-O
{[%clk 01:25:11] [%emt 00:00:30]} O-O {[%clk 01:29:52] [%emt 00:11:31]} 11. d4
{[%clk 01:13:58] [%emt 00:11:42]} e4 {[%clk 01:22:47] [%emt 00:07:35]} 12. Ne5
{[%clk 01:11:40] [%emt 00:02:47]} Qb7 {[%clk 01:18:50] [%emt 00:04:28]} 13. d5
{[%clk 01:04:19] [%emt 00:07:52]} d6 {[%clk 01:12:51] [%emt 00:06:28]} 14. Nc4
{[%clk 01:04:34] [%emt 00:00:15]} Nd7 {[%clk 01:11:06] [%emt 00:02:15]} 15. a3
{[%clk 00:57:38] [%emt 00:07:28]} Bc5 {[%clk 01:09:04] [%emt 00:02:31]} 16. Bd2
{[%clk 00:54:26] [%emt 00:03:41]} a4 {[%clk 01:08:15] [%emt 00:01:19]} 17. Bc3
{[%clk 00:53:19] [%emt 00:01:36]} Nb6 {[%clk 01:04:17] [%emt 00:04:30]} 18. Nxb6
{[%clk 00:53:02] [%emt 00:00:47]} cxb6 {[%clk 01:04:32] [%emt 00:00:15]} 19. Bb5
{[%clk 00:46:04] [%emt 00:07:27]} Bd7 {[%clk 01:04:14] [%emt 00:00:49]} 20. Bxd7
{[%clk 00:45:30] [%emt 00:01:04]} Qxd7 {[%clk 01:04:37] [%emt 00:00:06]} 21. Rc1
{[%clk 00:43:39] [%emt 00:02:20]} Rfe8 {[%clk 00:57:35] [%emt 00:07:33]} 22. Qh5
{[%clk 00:42:20] [%emt 00:01:48]} f5 {[%clk 00:49:54] [%emt 00:08:12]} 23. g3
{[%clk 00:40:44] [%emt 00:02:06]} Qf7 {[%clk 00:47:56] [%emt 00:02:28]} 24.
Qxf7+ {[%clk 00:40:51] [%emt 00:00:24]} Kxf7 {[%clk 00:48:21] [%emt 00:00:05]}
25. h4 {[%clk 00:41:14] [%emt 00:00:05]} h5 {[%clk 00:39:20] [%emt 00:09:33]}
26. Rc2 {[%clk 00:40:50] [%emt 00:00:54]} g6 {[%clk 00:39:07] [%emt 00:00:43]}
27. Rfc1 {[%clk 00:39:19] [%emt 00:02:00]} Ke7 {[%clk 00:39:34] [%emt 00:00:03]}
28. Kf1 {[%clk 00:38:44] [%emt 00:01:06]} Kd7 {[%clk 00:38:37] [%emt 00:01:27]}
29. Ke2 {[%clk 00:39:11] [%emt 00:00:04]} Rac8 {[%clk 00:35:58] [%emt 00:03:07]}
30. Be1 {[%clk 00:37:27] [%emt 00:02:12]} Re5 {[%clk 00:30:55] [%emt 00:05:35]}
1/2-1/2

[Site "Europe Echecs"]

[Event "Grand Swiss "]
[Date "2025.09.14"]
[White "Harikrishna, Pentala"]
[Black "Abdisalimov, Abdimalik"]
[WhiteElo "2704"]
[BlackElo "2488"]
[Round "9.9.37"]
[Result "1-0"]

1. d4 {[%clk 01:40:55] [%emt 00:00:03]} Nf6 {[%clk 01:40:51] [%emt 00:00:10]} 2.
c4 {[%clk 01:41:19] [%emt 00:00:07]} e6 {[%clk 01:41:16] [%emt 00:00:05]} 3. Nf3
{[%clk 01:41:42] [%emt 00:00:06]} b6 {[%clk 01:41:41] [%emt 00:00:06]} 4. a3
{[%clk 01:41:28] [%emt 00:00:44]} Bb7 {[%clk 01:41:53] [%emt 00:00:18]} 5. Nc3
{[%clk 01:41:36] [%emt 00:00:21]} Be7 {[%clk 01:36:14] [%emt 00:06:10]} 6. d5
{[%clk 01:38:59] [%emt 00:03:07]} O-O {[%clk 01:28:36] [%emt 00:08:08]} 7. e4
{[%clk 01:37:18] [%emt 00:02:11]} exd5 {[%clk 01:21:43] [%emt 00:07:24]} 8. cxd5
{[%clk 01:36:35] [%emt 00:01:12]} Re8 {[%clk 01:21:41] [%emt 00:00:32]} 9. Bd3
{[%clk 01:35:12] [%emt 00:01:52]} c6 {[%clk 01:20:55] [%emt 00:01:17]} 10. O-O
{[%clk 01:35:16] [%emt 00:00:25]} cxd5 {[%clk 01:19:31] [%emt 00:01:56]} 11.
exd5 {[%clk 01:33:31] [%emt 00:02:14]} d6 {[%clk 01:14:30] [%emt 00:05:31]} 12.
Nd4 {[%clk 01:31:35] [%emt 00:02:26]} Nbd7 {[%clk 01:13:50] [%emt 00:01:10]} 13.
Nc6 {[%clk 01:27:57] [%emt 00:04:07]} Bxc6 {[%clk 01:07:30] [%emt 00:06:50]} 14.
dxc6 {[%clk 01:28:18] [%emt 00:00:09]} Ne5 {[%clk 01:07:52] [%emt 00:00:08]} 15.
Ba6 {[%clk 01:26:01] [%emt 00:02:47]} Nxc6 {[%clk 00:40:29] [%emt 00:27:54]} 16.
Bb7 {[%clk 01:25:37] [%emt 00:00:53]} Qd7 {[%clk 00:40:26] [%emt 00:00:32]} 17.
Bxa8 {[%clk 01:25:59] [%emt 00:00:09]} Rxa8 {[%clk 00:40:51] [%emt 00:00:05]}
18. Bg5 {[%clk 01:25:18] [%emt 00:01:10]} Ne8 {[%clk 00:39:29] [%emt 00:01:53]}
19. Bxe7 {[%clk 01:20:42] [%emt 00:05:06]} Nxe7 {[%clk 00:39:54] [%emt
00:00:05]} 20. Nd5 {[%clk 01:20:33] [%emt 00:00:39]} Nxd5 {[%clk 00:38:44] [%emt
00:01:41]} 21. Qxd5 {[%clk 01:20:27] [%emt 00:00:35]} Rd8 {[%clk 00:37:49] [%emt
00:01:25]} 22. Rac1 {[%clk 01:20:48] [%emt 00:00:09]} Kf8 {[%clk 00:37:01] [%emt
00:01:19]} 23. Rfe1 {[%clk 01:19:17] [%emt 00:02:01]} Nc7 {[%clk 00:37:07] [%emt
00:00:25]} 24. Qe4 {[%clk 01:18:33] [%emt 00:01:13]} g6 {[%clk 00:25:02] [%emt
00:12:36]} 25. Qh4 {[%clk 01:16:00] [%emt 00:03:02]} h5 {[%clk 00:18:30] [%emt
00:07:02]} 26. Qf6 {[%clk 01:16:19] [%emt 00:00:11]} 1-0

[Site "Europe Echecs"]

[Event "Grand Swiss "]
[Date "2025.09.14"]
[White "Hovhannisyan, Robert"]
[Black "Gukesh D"]
[WhiteElo "2629"]
[BlackElo "2767"]
[Round "9.9.38"]
[Result "1/2-1/2"]

1. e4 {[%clk 01:40:57] [%emt 00:00:02]} c5 {[%clk 01:40:54] [%emt 00:00:06]} 2.
Nf3 {[%clk 01:41:18] [%emt 00:00:09]} Nc6 {[%clk 01:41:19] [%emt 00:00:05]} 3.
d4 {[%clk 01:41:43] [%emt 00:00:05]} cxd4 {[%clk 01:41:44] [%emt 00:00:06]} 4.
Nxd4 {[%clk 01:42:09] [%emt 00:00:05]} Nf6 {[%clk 01:42:10] [%emt 00:00:04]} 5.
Nc3 {[%clk 01:42:31] [%emt 00:00:08]} e5 {[%clk 01:40:37] [%emt 00:02:02]} 6.
Ndb5 {[%clk 01:42:51] [%emt 00:00:11]} d6 {[%clk 01:41:02] [%emt 00:00:06]} 7.
Bg5 {[%clk 01:43:11] [%emt 00:00:09]} a6 {[%clk 01:41:27] [%emt 00:00:05]} 8.
Na3 {[%clk 01:43:36] [%emt 00:00:04]} b5 {[%clk 01:41:54] [%emt 00:00:04]} 9.
Nd5 {[%clk 01:43:51] [%emt 00:00:15]} Be7 {[%clk 01:42:19] [%emt 00:00:05]} 10.
Bxf6 {[%clk 01:44:15] [%emt 00:00:06]} Bxf6 {[%clk 01:42:45] [%emt 00:00:03]}
11. c3 {[%clk 01:44:37] [%emt 00:00:08]} Rb8 {[%clk 01:43:10] [%emt 00:00:06]}
12. Nc2 {[%clk 01:44:47] [%emt 00:00:20]} O-O {[%clk 01:43:35] [%emt 00:00:06]}
13. h4 {[%clk 01:42:15] [%emt 00:03:02]} g6 {[%clk 01:43:59] [%emt 00:00:06]}
14. g3 {[%clk 01:41:42] [%emt 00:01:03]} Bg7 {[%clk 01:44:23] [%emt 00:00:06]}
15. h5 {[%clk 01:34:46] [%emt 00:07:26]} Ne7 {[%clk 01:44:47] [%emt 00:00:06]}
16. Ncb4 {[%clk 01:33:18] [%emt 00:01:59]} Nxd5 {[%clk 01:37:54] [%emt
00:07:22]} 17. Nxd5 {[%clk 01:33:18] [%emt 00:00:30]} Bb7 {[%clk 01:38:18] [%emt
00:00:06]} 18. Bh3 {[%clk 01:23:48] [%emt 00:10:00]} Bh6 {[%clk 01:36:35] [%emt
00:02:14]} 19. Qd3 {[%clk 01:20:06] [%emt 00:04:12]} Kg7 {[%clk 01:29:13] [%emt
00:07:52]} 20. Rd1 {[%clk 01:18:38] [%emt 00:01:58]} a5 {[%clk 01:25:21] [%emt
00:04:23]} 21. a3 {[%clk 01:08:07] [%emt 00:11:01]} Bc6 {[%clk 01:25:34] [%emt
00:00:16]} 22. Bg2 {[%clk 01:02:09] [%emt 00:06:29]} Qg5 {[%clk 01:04:11] [%emt
00:21:53]} 23. Bf3 {[%clk 00:58:11] [%emt 00:04:27]} Bd7 {[%clk 01:00:20] [%emt
00:04:21]} 24. Kf1 {[%clk 00:48:35] [%emt 00:10:07]} f5 {[%clk 00:58:46] [%emt
00:02:04]} 25. hxg6 {[%clk 00:47:13] [%emt 00:01:51]} hxg6 {[%clk 00:58:58]
[%emt 00:00:19]} 26. Kg2 {[%clk 00:45:44] [%emt 00:01:59]} Rf7 {[%clk 00:58:15]
[%emt 00:01:12]} 27. exf5 {[%clk 00:39:40] [%emt 00:06:34]} Bxf5 {[%clk
00:57:20] [%emt 00:01:25]} 28. Be4 {[%clk 00:39:36] [%emt 00:00:33]} Rbf8 {[%clk
00:55:06] [%emt 00:02:44]} 29. Rhf1 {[%clk 00:35:57] [%emt 00:04:09]} Qg4 {[%clk
00:33:58] [%emt 00:21:38]} 30. Bxf5 {[%clk 00:35:24] [%emt 00:01:04]} Rxf5
{[%clk 00:34:22] [%emt 00:00:06]} 31. f3 {[%clk 00:31:22] [%emt 00:04:32]} Qa4
{[%clk 00:32:41] [%emt 00:02:11]} 32. Qe4 {[%clk 00:21:43] [%emt 00:10:09]} Qb3
{[%clk 00:32:11] [%emt 00:01:01]} 33. Rb1 {[%clk 00:22:07] [%emt 00:00:06]} Bg5
{[%clk 00:28:25] [%emt 00:04:16]} 34. Rf2 {[%clk 00:20:26] [%emt 00:02:10]} Rh8
{[%clk 00:28:12] [%emt 00:00:44]} 35. Rbf1 {[%clk 00:18:08] [%emt 00:02:48]} Bd8
{[%clk 00:25:00] [%emt 00:03:42]} 36. Ne3 {[%clk 00:06:27] [%emt 00:12:11]} Rfh5
{[%clk 00:14:34] [%emt 00:10:56]} 37. Qb7+ {[%clk 00:04:56] [%emt 00:02:01]} Qf7
{[%clk 00:14:58] [%emt 00:00:06]} 38. Qxf7+ {[%clk 00:05:22] [%emt 00:00:04]}
Kxf7 {[%clk 00:15:26] [%emt 00:00:02]} 39. Ng4 {[%clk 00:05:36] [%emt 00:00:15]}
Ke6 {[%clk 00:15:25] [%emt 00:00:33]} 40. Rd1 {[%clk 00:03:23] [%emt 00:02:42]}
Bc7 {[%clk 00:11:01] [%emt 00:04:53]} 41. Rfd2 {[%clk 00:48:49] [%emt 00:05:04]}
Rf5 {[%clk 00:59:20] [%emt 00:02:11]} 42. Ne3 {[%clk 00:45:59] [%emt 00:03:19]}
Rf7 {[%clk 00:57:16] [%emt 00:02:35]} 43. f4 {[%clk 00:33:19] [%emt 00:13:11]}
Rfh7 {[%clk 00:54:46] [%emt 00:02:59]} 44. Kf3 {[%clk 00:31:21] [%emt 00:02:27]}
Rh2 {[%clk 00:54:16] [%emt 00:01:00]} 45. b4 {[%clk 00:29:24] [%emt 00:02:28]}
a4 {[%clk 00:52:35] [%emt 00:02:11]} 46. fxe5 {[%clk 00:23:37] [%emt 00:06:17]}
Rxd2 {[%clk 00:49:54] [%emt 00:03:12]} 47. Rxd2 {[%clk 00:24:02] [%emt
00:00:05]} dxe5 {[%clk 00:50:18] [%emt 00:00:06]} 48. Rd5 {[%clk 00:22:14] [%emt
00:02:17]} Rb8 {[%clk 00:50:05] [%emt 00:00:43]} 49. Ke4 {[%clk 00:22:04] [%emt
00:00:40]} Bd6 {[%clk 00:50:23] [%emt 00:00:12]} 50. c4 {[%clk 00:18:10] [%emt
00:04:25]} bxc4 {[%clk 00:50:49] [%emt 00:00:05]} 51. Nxc4 {[%clk 00:17:38]
[%emt 00:01:01]} Bxb4 {[%clk 00:50:58] [%emt 00:00:21]} 52. axb4 {[%clk
00:15:55] [%emt 00:02:12]} Rxb4 {[%clk 00:51:24] [%emt 00:00:03]} 53. Rxe5+
{[%clk 00:14:49] [%emt 00:01:37]} Kf6 {[%clk 00:51:51] [%emt 00:00:03]} 54. Rc5
{[%clk 00:15:09] [%emt 00:00:10]} a3 {[%clk 00:52:17] [%emt 00:00:04]} 55. Kd4
{[%clk 00:11:42] [%emt 00:03:56]} Ra4 {[%clk 00:52:35] [%emt 00:00:13]} 56. Ra5
{[%clk 00:12:03] [%emt 00:00:08]} Rxa5 {[%emt 00:00:05]} 57. Nxa5 {[%clk
00:12:30] [%emt 00:00:03]} a2 {[%clk 00:53:28] [%emt 00:00:03]} 1/2-1/2

[Site "Europe Echecs"]

[Event "Grand Swiss "]
[Date "2025.09.14"]
[White "Shankland, Sam"]
[Black "Moussard, Jules"]
[WhiteElo "2670"]
[BlackElo "2591"]
[Round "9.9.39"]
[Result "1/2-1/2"]

1. e4 {[%clk 01:40:49] [%emt 00:00:10]} e5 {[%clk 01:40:54] [%emt 00:00:07]} 2.
Nf3 {[%clk 01:41:14] [%emt 00:00:05]} Nf6 {[%clk 01:41:19] [%emt 00:00:05]} 3.
Nxe5 {[%clk 01:41:30] [%emt 00:00:14]} d6 {[%clk 01:41:44] [%emt 00:00:05]} 4.
Nf3 {[%clk 01:41:54] [%emt 00:00:06]} Nxe4 {[%clk 01:42:09] [%emt 00:00:06]} 5.
d4 {[%clk 01:42:14] [%emt 00:00:10]} d5 {[%clk 01:42:33] [%emt 00:00:06]} 6. Bd3
{[%clk 01:42:37] [%emt 00:00:07]} Bd6 {[%clk 01:42:57] [%emt 00:00:06]} 7. O-O
{[%clk 01:42:54] [%emt 00:00:13]} O-O {[%clk 01:43:17] [%emt 00:00:09]} 8. c4
{[%clk 01:43:09] [%emt 00:00:17]} c6 {[%clk 01:43:42] [%emt 00:00:05]} 9. Re1
{[%clk 01:43:10] [%emt 00:00:28]} Re8 {[%clk 01:44:03] [%emt 00:00:09]} 10. Qb3
{[%clk 01:42:36] [%emt 00:01:04]} h6 {[%clk 01:44:02] [%emt 00:00:31]} 11. cxd5
{[%clk 01:41:47] [%emt 00:01:19]} cxd5 {[%clk 01:43:49] [%emt 00:00:43]} 12. Nc3
{[%clk 01:42:11] [%emt 00:00:06]} Nxc3 {[%clk 01:43:49] [%emt 00:00:30]} 13.
Rxe8+ {[%clk 01:42:37] [%emt 00:00:04]} Qxe8 {[%clk 01:44:14] [%emt 00:00:05]}
14. bxc3 {[%clk 01:43:02] [%emt 00:00:04]} Qc6 {[%clk 01:44:17] [%emt 00:00:27]}
15. Rb1 {[%clk 01:40:05] [%emt 00:03:27]} b6 {[%clk 01:43:31] [%emt 00:01:17]}
16. Bb5 {[%clk 01:39:25] [%emt 00:01:09]} Qb7 {[%clk 01:43:57] [%emt 00:00:05]}
17. Ba3 {[%clk 01:38:48] [%emt 00:01:07]} Bxa3 {[%clk 01:44:10] [%emt 00:00:16]}
18. Qxa3 {[%clk 01:39:14] [%emt 00:00:04]} Bd7 {[%clk 01:44:31] [%emt 00:00:09]}
19. Qe7 {[%clk 01:29:13] [%emt 00:10:31]} Nc6 {[%clk 01:42:51] [%emt 00:02:11]}
20. Qd6 {[%clk 01:29:37] [%emt 00:00:05]} a6 {[%clk 01:42:23] [%emt 00:00:59]}
21. Bd3 {[%clk 01:26:47] [%emt 00:03:20]} Be6 {[%clk 01:36:40] [%emt 00:06:13]}
22. h4 {[%clk 01:23:52] [%emt 00:03:24]} Rc8 {[%clk 01:21:54] [%emt 00:15:16]}
23. a4 {[%clk 01:19:06] [%emt 00:05:16]} a5 {[%clk 01:18:21] [%emt 00:04:03]}
24. Ne5 {[%clk 01:16:43] [%emt 00:02:53]} Nxe5 {[%clk 01:17:12] [%emt 00:01:39]}
25. dxe5 {[%clk 01:13:52] [%emt 00:03:22]} Qc6 {[%clk 01:15:34] [%emt 00:02:08]}
26. Rxb6 {[%clk 01:12:27] [%emt 00:01:56]} Qxc3 {[%clk 01:09:56] [%emt
00:06:07]} 27. Bf1 {[%clk 01:12:39] [%emt 00:00:17]} Qa1 {[%clk 00:58:24] [%emt
00:12:02]} 28. Rb8 {[%clk 01:11:50] [%emt 00:01:20]} Rxb8 {[%clk 00:55:47] [%emt
00:03:07]} 29. Qxb8+ {[%clk 01:12:15] [%emt 00:00:04]} Kh7 {[%clk 00:56:15]
[%emt 00:00:02]} 30. Qb5 {[%clk 01:12:16] [%emt 00:00:28]} d4 {[%clk 00:55:35]
[%emt 00:01:10]} 31. Kh2 {[%clk 01:10:56] [%emt 00:01:50]} Qe1 {[%clk 00:38:31]
[%emt 00:17:34]} 32. Bd3+ {[%clk 01:08:43] [%emt 00:02:43]} g6 {[%clk 00:38:48]
[%emt 00:00:15]} 33. h5 {[%clk 01:08:49] [%emt 00:00:23]} Qxf2 {[%clk 00:37:51]
[%emt 00:01:27]} 34. hxg6+ {[%clk 01:09:15] [%emt 00:00:05]} fxg6 {[%clk
00:36:52] [%emt 00:01:27]} 35. Qxa5 {[%clk 01:09:22] [%emt 00:00:24]} Qf4+
{[%clk 00:35:45] [%emt 00:01:37]} 36. Kh1 {[%clk 01:09:25] [%emt 00:00:27]} Qc1+
{[%clk 00:35:57] [%emt 00:00:19]} 37. Kh2 {[%clk 01:09:50] [%emt 00:00:05]} Qf4+
{[%clk 00:36:24] [%emt 00:00:03]} 38. Kh1 {[%clk 01:10:17] [%emt 00:00:04]}
1/2-1/2

[Site "Europe Echecs"]

[Event "Grand Swiss "]
[Date "2025.09.14"]
[White "Najer, Evgeniy"]
[Black "Karthikeyan, Murali"]
[WhiteElo "2613"]
[BlackElo "2669"]
[Round "9.9.40"]
[Result "1/2-1/2"]

1. e4 {[%clk 01:40:57] [%emt 00:00:02]} c5 {[%clk 01:40:14] [%emt 00:00:47]} 2.
Nc3 {[%clk 01:40:21] [%emt 00:01:06]} Nc6 {[%clk 01:40:32] [%emt 00:00:12]} 3.
Bb5 {[%clk 01:39:58] [%emt 00:00:53]} Nd4 {[%clk 01:40:54] [%emt 00:00:07]} 4.
Nf3 {[%clk 01:40:22] [%emt 00:00:07]} a6 {[%clk 01:40:57] [%emt 00:00:27]} 5.
Bd3 {[%clk 01:40:12] [%emt 00:00:40]} g6 {[%clk 01:41:00] [%emt 00:00:27]} 6.
Nxd4 {[%clk 01:36:07] [%emt 00:04:35]} cxd4 {[%clk 01:41:23] [%emt 00:00:07]} 7.
Ne2 {[%clk 01:36:35] [%emt 00:00:03]} d5 {[%clk 01:40:59] [%emt 00:00:53]} 8.
exd5 {[%clk 01:26:55] [%emt 00:10:11]} Qxd5 {[%clk 01:40:52] [%emt 00:00:36]} 9.
O-O {[%clk 01:27:20] [%emt 00:00:05]} Nh6 {[%clk 01:36:22] [%emt 00:04:58]} 10.
c4 {[%clk 01:22:31] [%emt 00:05:20]} Qd6 {[%clk 01:33:25] [%emt 00:03:27]} 11.
b4 {[%clk 01:20:37] [%emt 00:02:25]} Ng4 {[%clk 01:18:37] [%emt 00:15:17]} 12.
f4 {[%clk 01:15:13] [%emt 00:05:54]} Qxb4 {[%clk 01:08:09] [%emt 00:10:58]} 13.
Rb1 {[%clk 01:13:55] [%emt 00:01:48]} Qa5 {[%clk 01:08:21] [%emt 00:00:17]} 14.
h3 {[%clk 00:42:14] [%emt 00:32:12]} Nh6 {[%clk 01:07:42] [%emt 00:01:09]} 15.
Qb3 {[%clk 00:42:29] [%emt 00:00:15]} Bg7 {[%clk 01:06:06] [%emt 00:02:04]} 16.
Qb6 {[%clk 00:32:27] [%emt 00:10:33]} Qxb6 {[%clk 01:01:15] [%emt 00:05:22]} 17.
Rxb6 {[%clk 00:32:55] [%emt 00:00:02]} Bf5 {[%clk 01:01:36] [%emt 00:00:08]} 18.
Rf3 {[%clk 00:30:48] [%emt 00:02:38]} O-O-O {[%clk 00:47:20] [%emt 00:14:46]}
19. c5 {[%clk 00:31:14] [%emt 00:00:04]} e5 {[%clk 00:40:41] [%emt 00:07:10]}
20. fxe5 {[%clk 00:30:34] [%emt 00:01:10]} Rhe8 {[%clk 00:31:35] [%emt
00:09:35]} 21. c6 {[%clk 00:18:44] [%emt 00:12:20]} Rxe5 {[%clk 00:25:54] [%emt
00:06:11]} 22. Nf4 {[%clk 00:15:29] [%emt 00:03:45]} Kc7 {[%clk 00:18:16] [%emt
00:08:07]} 23. Rxb7+ {[%clk 00:15:24] [%emt 00:00:36]} Kxc6 {[%clk 00:18:45]
[%emt 00:00:01]} 24. Ra7 {[%clk 00:08:54] [%emt 00:07:00]} Re1+ {[%clk 00:09:21]
[%emt 00:09:53]} 25. Rf1 {[%clk 00:09:14] [%emt 00:00:11]} Rxf1+ {[%clk
00:09:43] [%emt 00:00:08]} 26. Bxf1 {[%clk 00:08:15] [%emt 00:01:28]} Be5 {[%clk
00:09:56] [%emt 00:00:17]} 27. Nd3 {[%clk 00:06:23] [%emt 00:02:23]} Bd6 {[%clk
00:07:52] [%emt 00:02:33]} 28. Rxa6+ {[%clk 00:05:24] [%emt 00:01:29]} Kb7
{[%clk 00:08:03] [%emt 00:00:19]} 29. Ra4 {[%clk 00:03:50] [%emt 00:02:04]} Be4
{[%clk 00:05:45] [%emt 00:02:48]} 30. Ba3 {[%clk 00:01:07] [%emt 00:03:14]} Bc6
{[%clk 00:04:54] [%emt 00:01:21]} 31. Bxd6 {[%clk 00:01:34] [%emt 00:00:02]}
Rxd6 {[%clk 00:03:22] [%emt 00:02:02]} 32. Rb4+ {[%clk 00:02:03] [%emt
00:00:01]} Kc7 {[%clk 00:03:35] [%emt 00:00:16]} 33. Ne5 {[%clk 00:02:25] [%emt
00:00:08]} Bd5 {[%clk 00:01:49] [%emt 00:02:17]} 34. Bc4 {[%clk 00:01:26] [%emt
00:01:29]} f6 {[%clk 00:01:02] [%emt 00:01:17]} 35. Bxd5 {[%clk 00:01:39] [%emt
00:00:17]} Rxd5 {[%clk 00:01:12] [%emt 00:00:20]} 36. Nf3 {[%clk 00:01:33] [%emt
00:00:35]} Nf5 {[%clk 00:01:19] [%emt 00:00:23]} 37. g4 {[%clk 00:01:49] [%emt
00:00:14]} Ne7 {[%clk 00:00:38] [%emt 00:01:11]} 38. Nxd4 {[%clk 00:00:57] [%emt
00:01:22]} Nc6 {[%clk 00:00:51] [%emt 00:00:17]} 39. Nxc6 {[%clk 00:01:24] [%emt
00:00:03]} Kxc6 {[%clk 00:01:13] [%emt 00:00:08]} 40. d4 {[%clk 00:01:46] [%emt
00:00:07]} h5 {[%clk 00:00:34] [%emt 00:01:09]} 41. Kf2 {[%clk 00:38:43] [%emt
00:13:33]} hxg4 {[%clk 00:49:45] [%emt 00:01:19]} 42. hxg4 {[%clk 00:36:56]
[%emt 00:02:16]} f5 {[%clk 00:49:21] [%emt 00:00:54]} 43. gxf5 {[%clk 00:33:20]
[%emt 00:04:07]} Rxf5+ {[%clk 00:48:10] [%emt 00:01:41]} 44. Ke3 {[%clk
00:33:36] [%emt 00:00:14]} g5 {[%clk 00:39:52] [%emt 00:08:48]} 45. Ke4 {[%clk
00:23:18] [%emt 00:10:48]} Rf2 {[%clk 00:36:37] [%emt 00:03:45]} 46. a4 {[%clk
00:18:59] [%emt 00:04:49]} g4 {[%clk 00:34:47] [%emt 00:02:19]} 47. d5+ {[%clk
00:17:42] [%emt 00:01:47]} Kc7 {[%clk 00:32:07] [%emt 00:03:11]} 48. Ke5 {[%clk
00:16:38] [%emt 00:01:34]} Re2+ {[%clk 00:32:10] [%emt 00:00:27]} 49. Kf4 {[%clk
00:13:33]} 1/2-1/2

[Site "Europe Echecs"]